00340nam a2200133Ia 4500008004100000082001500041100001600056245004400072250000900116260003800125300000900163650001700172700001700189191201s2011 xx 000 0 und d a519.5bGUF aGUPTA, S.C. 0aFundamentals of Mathematical Statistics a12th aNew DelhibS Chand and Sonsc2021 aMisc aBA Economics aKAPOOR, V.K.